British Czech and Slovak Association Writing Competition 2004 a selection

Bibliographic Details
Other Authors: Short, David, 1943- (Editor)
Format: Book
Language:English
PhysicalDescription:62 s. 21 cm
Published: London British Czech and Slovak Association 2005
Subjects:

MARC

LEADER 00000nam a2200000 a 4500
001 vtls008184489
003 SK-MaSNL
005 20260426014628.0
008 160610s2005 enk b 000 0 eng
015 |a SNBZSA2006-00192 
035 |a F0C302D7-A42A-4A26-933A-0D9B66D55A1B 
035 |a urn:nbn:sk:snk-aml3lf 
035 |a urn:nbn:sk:snk-am008k5c 
040 |a SNK  |b slo  |c SNK  |e AACR2 
041 0 |a eng 
043 |a e-uk-en  |a e-xo---  |a e-xr--- 
044 |a uk  |c GB 
072 7 |a 316.4/.7  |x Sociálne interakcie  |2 konspekt 
072 7 |a 821. 162.3  |x Česká literatúra  |2 konspekt 
072 7 |a 821. 162.3  |x Slovenská literatúra  |2 konspekt 
080 |a 82:061.7  |x (=162.3)  |x (=162.4)  |x (41)  |x "2004"  |2 2001 
080 |a 821.162.3-4  |2 2001 
080 |a 821.162.4-4  |2 2001 
080 |a 316.7  |x (437.3)  |x (437.6)  |2 2001 
080 |a 323  |x (437.3)  |x (437.6)  |2 2001 
245 0 0 |a British Czech and Slovak Association Writing Competition 2004  |b a selection  |c edited for the Association by David Short 
260 |a London  |b British Czech and Slovak Association  |c 2005 
300 |a 62 s.  |c 21 cm 
500 |a Vyd. ako príl. k: British Czech and Slovak Review 
610 2 7 |a British Czech and Slovak Association  |2 snkbuxs  |9 696066 
650 0 7 |a literárne súťaže  |y 2004  |2 SNKPH  |9 696067 
650 0 7 |a politika  |2 SNKPH  |9 968 
650 0 7 |a kultúrny život  |2 SNKPH  |9 3182 
650 0 7 |a kultúrne vzťahy  |2 SNKPH  |9 3851 
651 7 |a Veľká Británia  |2 SNKPH  |9 20930 
651 7 |a Česko  |2 SNKPH  |9 16753 
651 7 |a Slovensko  |2 SNKPH  |9 14231 
655 7 |a eseje  |2 SNKPH  |9 57030 
655 7 |a články  |2 snkbuxs  |9 70601 
655 7 |a výbery  |2 SNKPH  |9 67620 
655 7 |a zborníky  |2 SNKPH  |9 70165 
700 1 |a Short, David,  |d 1943-  |4 edt  |9 259247 
710 2 |a British Czech and Slovak Association  |4 orm  |9 696066 
958 |a ZS 
958 |a CZ 
958 |a NB 
958 |a GB 
958 |a LX 
958 |a OND 
999 |c 1163479  |d 1165409 
952 |a SNK  |b SNK  |y PREZ  |7 0  |p 17A0484808  |o snkSC 121463  |i snk2005/16216  |8 2  |g 4.98  |0 0  |1 0  |4 0  |d 2005-07-15  |f 1  |l 0  |r 2025-06-02 00:00:00  |w 2026-02-24